| 000 | 00563nam a22001337a 4500 | ||
|---|---|---|---|
| 040 | _cNUST | ||
| 082 | _aPRO 220 | ||
| 100 |
_aMuhammad Yousuf Zia Syed Muhammad Hussain Muhammad Hassan Sohail Arslan Siddique _9100433 |
||
| 110 |
_aProject Supervisors: Dr. Tahir Nawaz Co- Supervisors Dr. Mohsin Tiwana Dr. Tayyab Zafar _9100434 |
||
| 245 | _aPR-SOF-2132-Design And Development of an AI-Driven Active Configurable Robotic Knee Joint Prosthesis for Amputees | ||
| 260 |
_aISLAMABAD: _bNUST COLLEGE OF EME, _c2022. |
||
| 650 |
_aDE-MTS-40 _998604 |
||
| 942 |
_2ddc _cPR |
||
| 999 |
_c591862 _d591862 |
||